[Event "Open Section"]
[Site "Philadelphia"]
[Date "2001.07.08"]
[Round "8"]
[White "Betaneli, Alexander"]
[Black "Van Delft, Meryn"]
[Result "1-0"]
[WhiteElo "2306"]
[BlackElo "2386"]
[PlyCount "191"]
[EventDate "2001.07"]

1. c4 Nf6 2. Nc3 g6 3. e4 d6 4. d4 Bg7 5. Nge2 O-O 6. Ng3 e5 7. d5 a5 8. h4 c6
9. h5 cxd5 10. h6 Bh8 11. Bg5 Qe8 12. exd5 Na6 13. Nb5 Qd7 14. Be2 Nc5 15. O-O
Nfe4 16. Nxe4 Nxe4 17. Be3 f5 18. c5 Nxc5 19. Bxc5 dxc5 20. Bc4 Bf6 21. d6+ Kh8
22. Nc7 Rb8 23. Ne6 Re8 24. Nxc5 Qc6 25. Qd5 Qxd5 26. Bxd5 Rd8 27. d7 Bxd7 28.
Nxb7 Rf8 29. Rac1 Be6 30. Bxe6 Rxb7 31. Rc5 Ra7 32. Rd1 e4 33. b3 Bg5 34. g4 e3
35. gxf5 Bxh6 36. Re1 exf2+ 37. Kxf2 gxf5 38. Ree5 Bg7 39. Red5 a4 40. b4 f4
41. Rc8 Rxc8 42. Bxc8 Bf8 43. b5 Rc7 44. Ba6 Bc5+ 45. Kf3 Be3 46. Rd6 Rc2 47.
b6 Bxb6 48. Rxb6 Rxa2 49. Kxf4 Kg7 50. Rb7+ Kf6 51. Rxh7 Rf2+ 52. Ke3 Rb2 53.
Bc4 a3 54. Ra7 Rh2 55. Kd4 Rh4+ 56. Kc5 Rh3 57. Kb4 Ke5 58. Bb3 Rh8 59. Rxa3
Kd4 60. Bc4 Rb8+ 61. Bb5 Rh8 62. Rd3+ Ke4 63. Rd7 Ke5 64. Kc5 Rh2 65. Bc4 Rh8
66. Re7+ Kf6 67. Re2 Rc8+ 68. Kd4 Rh8 69. Rf2+ Ke7 70. Kc5 Rh1 71. Rf7+ Ke8 72.
Bd5 Rd1 73. Rf2 Ke7 74. Rf7+ Ke8 75. Ra7 Kd8 76. Kd6 Rc1 77. Rh7 Re1 78. Rh2
Re3 79. Rh7 Re1 80. Rd7+ Ke8 81. Rg7 Kd8 82. Rg2 Re3 83. Ra2 Rc3 84. Be4 Rc1
85. Ra8+ Rc8 86. Ra1 Rc4 87. Re1 Rd4+ 88. Bd5 Rd2 89. Ra1 Rc2 90. Ra7 Rc8 91.
Ra3 Rc2 92. Rd3 Rc1 93. Rd2 Re1 94. Bc4 Rc1 95. Bb3 Rb1 96. Rg2 1-0

[Event "Open Section"]
[Site "Philadelphia"]
[Date "2001.07.08"]
[Round "8"]
[White "Bierkens, Pieter A"]
[Black "Zaremba, Andrei A"]
[Result "1/2-1/2"]
[WhiteElo "2253"]
[BlackElo "2367"]
[PlyCount "145"]
[EventDate "2001.07"]

1. e4 c5 2. c3 Nf6 3. e5 Nd5 4. d4 d6 5. Nf3 dxe5 6. dxe5 e6 7. Bd3 Be7 8. O-O
Nc6 9. Re1 a6 10. a3 b5 11. c4 bxc4 12. Bxc4 O-O 13. Qe2 Na5 14. Ba2 Bb7 15.
Nc3 Nxc3 16. bxc3 Qc7 17. Bf4 Bxf3 18. Qxf3 c4 19. Bb1 g6 20. Be4 Rab8 21. h4
Bxh4 22. g3 Be7 23. Kg2 Nb3 24. Rad1 Nc5 25. Rd4 Nxe4 26. Rexe4 Rfc8 27. a4 Qc6
28. Bh6 Qxa4 29. Qf4 Qe8 30. Rxc4 Rxc4 31. Rxc4 Rc8 32. Rd4 Rd8 33. Rc4 Rc8 34.
Rd4 Bf8 35. Bg5 Bg7 36. Qe3 Qb5 37. Bf6 Bxf6 38. exf6 Qf5 39. Rf4 Qd5+ 40. Kh2
g5 41. Ra4 Qf5 42. Rxa6 Qxf6 43. Ra5 h6 44. Rc5 Rb8 45. c4 Rb2 46. Kg2 Rc2 47.
Rc8+ Kg7 48. c5 Qf5 49. c6 Qd5+ 50. Qf3 Qd4 51. Rc7 Qf6 52. Qxf6+ Kxf6 53. Rc8
g4 54. c7 Kf5 55. Kf1 h5 56. Rh8 Rxc7 57. Rxh5+ Ke4 58. Kg2 f5 59. Rh6 e5 60.
Ra6 Rc4 61. Ra3 Kd4 62. Ra5 Rb4 63. Ra3 Rc4 64. Ra5 Ke4 65. Ra3 Rd4 66. Re3+
Kd5 67. Ra3 Rc4 68. Ra5+ Kd4 69. Ra3 e4 70. Ra5 Rc5 71. Ra4+ Ke5 72. Ra8 Rd5
73. Ra4 1/2-1/2

[Event "Open Section"]
[Site "Philadelphia"]
[Date "2001.07.08"]
[Round "8"]
[White "Cherniack, Alexander"]
[Black "Karklins, Andrew"]
[Result "0-1"]
[WhiteElo "2293"]
[BlackElo "2418"]
[PlyCount "80"]
[EventDate "2001.07"]

1. d4 Nf6 2. c4 e6 3. Nc3 Bb4 4. a3 Bxc3+ 5. bxc3 Ne4 6. Qc2 f5 7. Nh3 O-O 8.
f3 Nf6 9. e4 fxe4 10. fxe4 e5 11. Nf2 d6 12. c5 dxc5 13. Bc4+ Kh8 14. O-O cxd4
15. cxd4 Qxd4 16. Bg5 Qc5 17. Qa2 Bg4 18. h3 Bh5 19. Rac1 Qd6 20. Bd5 c6 21.
Bb3 Nbd7 22. Be3 Qe7 23. Qb2 Ne8 24. a4 Nc7 25. Bd1 Bxd1 26. Rfxd1 Rfb8 27. Qd2
Nf6 28. Bc5 Qe6 29. Qd6 Rc8 30. Qd3 Qe8 31. Be3 Ne6 32. Qc3 Nf4 33. Qb2 Qg6 34.
Bxf4 exf4 35. Qxb7 f3 36. g4 Nxe4 37. Re1 Nxf2 38. Kxf2 h6 39. Kxf3 Qd3+ 40.
Kg2 Rab8 0-1

[Event "Open Section"]
[Site "Philadelphia"]
[Date "2001.07.08"]
[Round "8"]
[White "Dougherty, Michael"]
[Black "Hook, William"]
[Result "1-0"]
[WhiteElo "2346"]
[BlackElo "2200"]
[PlyCount "118"]
[EventDate "2001.07"]

1. Nf3 Nf6 2. d4 g6 3. c4 Bg7 4. Nc3 O-O 5. e4 d6 6. Be2 c6 7. O-O Nbd7 8. Re1
e5 9. Bf1 h6 10. Rb1 Kh7 11. dxe5 Nxe5 12. Nxe5 dxe5 13. Qxd8 Rxd8 14. b4 Be6
15. f3 Bf8 16. Be3 Nd7 17. c5 a5 18. a3 axb4 19. axb4 Ra3 20. Rec1 Rda8 21. h4
Be7 22. g3 h5 23. Kf2 Kg7 24. Be2 f6 25. Rc2 Ra1 26. Rxa1 Rxa1 27. Nd1 Kf7 28.
Nb2 Rb1 29. Rd2 Ke8 30. Bd3 Ra1 31. Rc2 Ra3 32. Bc4 Bxc4 33. Nxc4 Ra4 34. Bd2
Kd8 35. f4 exf4 36. gxf4 f5 37. exf5 Bxh4+ 38. Kg2 gxf5 39. Nd6 Bf6 40. Nxb7+
Kc7 41. Nd6 Ra3 42. b5 Be7 43. Bc3 Ra4 44. Be5 cxb5 45. Nxb5+ Kc8 46. c6 Nb6
47. Kf3 Nc4 48. Bd4 Rb4 49. Re2 Rxb5 50. Rxe7 Rb3+ 51. Ke2 Ra3 52. Rh7 Ra6 53.
Rxh5 Rxc6 54. Rxf5 Kd7 55. Kd3 Nd6 56. Rh5 Ne8 57. Be5 Rc1 58. Rh6 Ke7 59. Kd4
Kf7 1-0

[Event "Open Section"]
[Site "Philadelphia"]
[Date "2001.07.08"]
[Round "8"]
[White "Ehlvest, Jan"]
[Black "Kriventsov, Stanislav"]
[Result "0-1"]
[WhiteElo "2703"]
[BlackElo "2449"]
[PlyCount "76"]
[EventDate "2001.07"]

1. e4 c5 2. Nf3 e6 3. c3 Nf6 4. e5 Nd5 5. d4 cxd4 6. cxd4 b6 7. Nc3 Nxc3 8.
bxc3 Qc7 9. Bd2 Bb7 10. Bd3 d6 11. O-O Nd7 12. Re1 dxe5 13. dxe5 Be7 14. Nd4 g6
15. Bh6 O-O-O 16. Qe2 Nc5 17. Bc2 Kb8 18. Qe3 Rd5 19. Qf4 Bf8 20. Bxf8 Rxf8 21.
Re3 Nd7 22. Rae1 g5 {Diagram #} 23. Qe4 Rxe5 24. Qxh7 Qxc3 25. Rxe5 Nxe5 26.
Rd1 Nc6 27. Ne2 Qc4 28. Ng3 Qxa2 29. h3 Rd8 30. Re1 Rd7 ({Fritz 5.32:} 30... f5
31. Bxf5 exf5 32. Qxf5 Qd5 33. Qxd5 Rxd5 34. Re8+ Rd8 35. Rxd8+ {-3.00/10}) 31.
Be4 Qd2 32. Qh8+ Rd8 33. Qa1 Nd4 34. Kh2 Bxe4 35. Rxe4 Qxf2 36. Qa3 f6 37. Re3
g4 38. Nh1 Qf4+ 0-1

[Event "Open Section"]
[Site "Philadelphia"]
[Date "2001.07.08"]
[Round "8"]
[White "Formanek, Edward W"]
[Black "Bournival, Braden"]
[Result "1-0"]
[WhiteElo "2349"]
[BlackElo "2175"]
[PlyCount "113"]
[EventDate "2001.07"]

1. e4 c6 2. d4 d5 3. Nc3 dxe4 4. Nxe4 Bf5 5. Ng3 Bg6 6. Nf3 Nd7 7. h4 h6 8. h5
Bh7 9. Bd3 Bxd3 10. Qxd3 e6 11. Bf4 Qa5+ 12. Bd2 Qc7 13. O-O-O Ngf6 14. Ne4
O-O-O 15. g3 Nxe4 16. Qxe4 Bd6 17. Kb1 c5 18. c4 cxd4 19. Nxd4 a6 20. Qe2 Be5
21. Nb3 Bf6 22. Bf4 e5 23. Bd2 Nc5 24. Ba5 b6 25. Qe3 Be7 26. Bc3 Bf6 27. Nxc5
Qxc5 28. Qxc5+ bxc5 29. Kc2 Rhe8 30. Rhe1 Re6 31. Rd5 Rxd5 32. cxd5 Re7 33. Kd3
Kd7 34. Kc4 Kd6 35. Re4 Rb7 36. b3 Rb8 37. a3 Rb7 38. Re2 Re7 39. Re4 Rb7 40.
g4 Rc7 41. f4 exf4 42. Bxf6 gxf6 43. Rxf4 Ke7 44. d6+ Kxd6 45. Rxf6+ Ke5 46.
Rxa6 Kf4 47. Rxh6 Kxg4 48. Rh7 Kf5 49. a4 Ke6 50. a5 Kd6 51. a6 Re7 52. Rh6+
Kc7 53. Rf6 Re4+ 54. Kd5 Rg4 55. h6 Rg5+ 56. Kc4 Kc8 57. h7 1-0

[Event "Open Section"]
[Site "Philadelphia"]
[Date "2001.07.08"]
[Round "8"]
[White "Gaudreau, Mark"]
[Black "Del Mundo, Anton P"]
[Result "0-1"]
[WhiteElo "1907"]
[BlackElo "2322"]
[PlyCount "80"]
[EventDate "2001.07"]

1. e4 e5 2. Bc4 Nf6 3. d3 c6 4. Nf3 Be7 5. O-O d6 6. h3 Nbd7 7. c3 h6 8. Re1
Nc5 9. b4 Ne6 10. d4 Qc7 11. dxe5 dxe5 12. Nbd2 a5 13. Rb1 O-O 14. a3 b5 15.
Bf1 g5 16. g3 Rb8 17. Bg2 c5 18. Nf1 Rd8 19. Qe2 Bb7 20. N1d2 axb4 21. axb4 c4
22. Nh2 Rd3 23. Bb2 Rbd8 24. Ndf1 h5 25. Rbd1 Ng7 26. Rd2 Rxd2 27. Nxd2 Rd3 28.
Nhf1 h4 29. Ra1 Ngh5 30. Kh2 Qd6 31. Ra5 hxg3+ 32. fxg3 Nxg3 33. Nxg3 Rxd2 34.
Qe3 Rxb2 35. Qxg5+ Kf8 36. Nf5 Qd2 37. Qg7+ Ke8 38. Nxe7 Qf4+ 39. Qg3 Bxe4 40.
Qxf4 Rxg2+ 0-1

[Event "Open Section"]
[Site "Philadelphia"]
[Date "2001.07.08"]
[Round "8"]
[White "Ginsburg, Mark"]
[Black "Rowley, Robert J"]
[Result "1/2-1/2"]
[WhiteElo "2500"]
[BlackElo "2302"]
[PlyCount "68"]
[EventDate "2001.07"]

1. e4 c6 2. d4 d5 3. Nc3 dxe4 4. Nxe4 Bf5 5. Ng3 Bg6 6. h4 h6 7. h5 Bh7 8. Nf3
Nd7 9. Bd3 Bxd3 10. Qxd3 e6 11. Bd2 Ngf6 12. O-O-O Be7 13. Rhe1 O-O 14. Ne4
Nxe4 15. Qxe4 Nf6 16. Qe2 Qd5 17. c4 Qxh5 18. Rh1 Qf5 19. Ne5 Rfd8 20. Be3 Nd7
21. g4 Qf6 22. g5 Qf5 23. Nxd7 Rxd7 24. Rdg1 Rad8 25. gxh6 g6 26. Rh5 Qf6 27.
h7+ Kh8 28. Rh3 Qf5 29. Rf3 Qh5 30. Qd1 {Diagram #} 30... Bf8 31. Rh1 Qg4 32.
Rg1 Qh5 33. Rh1 Qg4 34. Rg1 Qh5 1/2-1/2

[Event "Open Section"]
[Site "Philadelphia"]
[Date "2001.07.08"]
[Round "8"]
[White "Gonzales, Jayson O"]
[Black "Shapiro, Daniel E"]
[Result "1/2-1/2"]
[WhiteElo "2370"]
[BlackElo "2280"]
[PlyCount "108"]
[EventDate "2001.07"]

1. c4 e6 2. g3 Nf6 3. Bg2 d5 4. Nf3 c6 5. d4 Nbd7 6. Nbd2 Be7 7. O-O O-O 8. Qc2
b6 9. e4 Bb7 10. e5 Ne8 11. cxd5 cxd5 12. Re1 Rc8 13. Qd1 Qc7 14. Nb1 b5 15. a3
a5 16. Bf1 Ba6 17. Bd3 Nb8 18. Qe2 Qb6 19. Bg5 Bxg5 20. Nxg5 g6 21. Qg4 b4 22.
Qh4 h5 23. Bxa6 Nxa6 24. Nf3 Rc2 25. Qf4 Kg7 26. b3 bxa3 27. Nxa3 Rc3 28. Reb1
Rxb3 29. Nd2 Rxb1+ 30. Rxb1 Nb4 31. Nc2 Nc7 32. Nxb4 axb4 33. Rb3 Qa5 34. Kg2
Nb5 35. g4 hxg4 36. Rg3 Qd8 37. Rxg4 Rh8 38. Nb3 Qc7 39. Nc5 Nc3 40. h3 Rh5 41.
Qe3 Rf5 42. Qd2 Ne4 43. Nxe4 dxe4 44. Qe3 Qb7 45. Rh4 Kf8 46. Qxe4 Qxe4+ 47.
Rxe4 b3 48. Re3 Rf4 49. Rxb3 Rxd4 50. Kg3 g5 51. Re3 Kg7 52. Rf3 Rd5 53. Re3
Rd1 54. h4 gxh4+ 1/2-1/2

[Event "Open Section"]
[Site "Philadelphia"]
[Date "2001.07.08"]
[Round "8"]
[White "Hoekstra, Matthew"]
[Black "Battey, Alexander"]
[Result "1-0"]
[WhiteElo "2306"]
[BlackElo "1825"]
[PlyCount "81"]
[EventDate "2001.07"]

1. e4 e6 2. d4 d5 3. Nd2 Nf6 4. e5 Nfd7 5. f4 c5 6. c3 Nc6 7. Ndf3 cxd4 8. cxd4
f5 9. Bd3 Be7 10. Ne2 Nb6 11. O-O Bd7 12. Kh1 a5 13. Rg1 O-O 14. g4 a4 15. gxf5
exf5 16. Qe1 Nb4 17. Bb1 Rc8 18. Qg3 Rf7 19. Ne1 Bh4 20. Qa3 Bxe1 21. Rxe1 Nc2
22. Bxc2 Rxc2 23. Qd3 Qh4 24. Rg1 Rc8 25. Rg3 Be6 26. Ng1 Rfc7 27. Bd2 Nc4 28.
Nf3 Qe7 29. Rag1 Nxb2 30. Qb5 Nc4 31. Qxa4 g6 32. Bb4 Qd7 33. Qb3 Ra8 34. Ng5
Ra6 35. Rh3 Qb5 36. a3 Rb6 37. Qg3 Qe8 38. Rh6 Rg7 39. Qh4 Qd7 40. Nxh7 Rxh7
41. Rhxg6+ 1-0

[Event "Open Section"]
[Site "Philadelphia"]
[Date "2001.07.08"]
[Round "8"]
[White "Kaufman, Lawrence"]
[Black "Chernin, Alexander"]
[Result "0-1"]
[WhiteElo "2461"]
[BlackElo "2652"]
[PlyCount "108"]
[EventDate "2001.07"]

1. c4 e5 2. Nc3 Nc6 3. Nf3 Nf6 4. g3 d5 5. cxd5 Nxd5 6. Bg2 Nb6 7. O-O Be7 8.
d3 O-O 9. Be3 Re8 10. Rc1 Bf8 11. Ne4 Nd4 12. Nc5 Nf5 13. Bd2 a5 14. Ng5 c6 15.
a4 Nd4 16. Re1 Nd7 17. Nb3 h6 18. Nf3 Nxb3 19. Qxb3 Nc5 20. Qc2 Be6 21. Be3 Nb3
22. Rb1 Bb4 23. Red1 Nd4 24. Nxd4 exd4 25. Bd2 Ba2 26. Ra1 Rxe2 27. Bf3 Rxd2
28. Rxd2 Bxd2 29. Rxa2 Bb4 30. b3 Bc3 31. Qd1 Qe7 32. Re2 Qa3 33. Kg2 Kf8 34.
Re4 Qa1 35. Qxa1 Bxa1 36. Kf1 Ra6 37. Re5 Bc3 38. Bd1 Ra8 39. Bg4 Rd8 40. Ke2
g6 41. Kd1 Bb4 42. Bh3 Kg7 43. Bg2 f5 44. f4 Kf6 45. h4 h5 46. Bf3 Kf7 47. Re2
Re8 48. Rxe8 Kxe8 49. Ke2 Ke7 50. Kf1 Kd6 51. Bd1 Kc5 52. Ke2 Bc3 53. Bc2 Kb4
54. Bd1 Ka3 0-1

[Event "Open Section"]
[Site "Philadelphia"]
[Date "2001.??.??"]
[Round "8"]
[White "Morrison, William"]
[Black "Fedorowicz, John P"]
[Result "1/2-1/2"]
[WhiteElo "2408"]
[BlackElo "2607"]
[PlyCount "36"]
[EventDate "2001.07"]

1. e4 c5 2. Nf3 d6 3. d4 cxd4 4. Nxd4 Nf6 5. Nc3 a6 6. Bg5 Nc6 7. Qd2 e6 8.
O-O-O Bd7 9. f4 b5 10. Qe2 Nxd4 11. Rxd4 Qb6 12. Rd3 b4 13. Nd1 Bc6 14. Bxf6
gxf6 15. Ne3 Ra7 16. Ng4 Be7 17. Qf2 Qc5 18. Rf3 e5 1/2-1/2

[Event "Open Section"]
[Site "Philadelphia"]
[Date "2001.07.08"]
[Round "8"]
[White "Nagle, Sean"]
[Black "Rosario, Salvador"]
[Result "1-0"]
[WhiteElo "2285"]
[BlackElo "2139"]
[PlyCount "81"]
[EventDate "2001.07"]

1. d4 Nf6 2. c4 c5 3. d5 b5 4. cxb5 a6 5. b6 Qxb6 6. Nc3 d6 7. e4 g6 8. f4 Nbd7
9. Nf3 Bg7 10. Bc4 Qb4 11. Nd2 O-O 12. O-O Ne8 13. a3 Qa5 14. Qc2 Nc7 15. a4
Rb8 16. Ra3 Rb4 17. Be2 Qb6 18. Na2 a5 19. Nc4 Qa7 20. Nxb4 axb4 21. Raf3 Ba6
22. b3 Nb6 23. Nxb6 Qxb6 24. Bxa6 Nxa6 25. Kh1 c4 26. Qxc4 Nc5 27. Be3 Rc8 28.
f5 Qa6 29. Qxa6 Nxa6 30. fxg6 fxg6 31. Rc1 Rc3 32. Bd2 Rxc1+ 33. Bxc1 Nc5 34.
Bd2 Nxe4 35. Bxb4 Bd4 36. Be1 Nf6 37. Rd3 Ba7 38. b4 Nd7 39. Rc3 Bd4 40. Rc7
Nf6 41. Rxe7 1-0

[Event "Open Section"]
[Site "Philadelphia"]
[Date "2001.07.08"]
[Round "8"]
[White "Shchukin, Sergey A"]
[Black "Mascarinas, Rico"]
[Result "0-1"]
[WhiteElo "2221"]
[BlackElo "2327"]
[PlyCount "90"]
[EventDate "2001.07"]

1. e4 c5 2. d4 cxd4 3. c3 d3 4. Bxd3 d6 5. c4 Nf6 6. Nc3 e6 7. Nf3 Nbd7 8. O-O
a6 9. Qe2 Be7 10. Nd4 Ne5 11. Bc2 Qc7 12. b3 b5 13. f4 Ned7 14. Ncxb5 axb5 15.
Nxb5 Qb6+ 16. Be3 Qb8 17. Bd4 e5 18. Bb2 O-O 19. f5 Ba6 20. Nc3 Rc8 21. Bc1 Bd8
22. Rf3 Bb6+ 23. Kf1 Bd4 24. Bd2 Bb7 25. Rh3 Nc5 26. Rh4 Bc6 27. b4 Na4 28.
Bxa4 Bxa4 29. Rc1 Bc6 30. Bg5 Bxc3 31. Rxc3 Qxb4 32. Rb3 Qc5 33. Bxf6 gxf6 34.
Rxh7 Kf8 35. Rb2 Be8 36. Rc2 Ra4 37. Rh8+ Ke7 38. Rb2 Qxc4 39. Rb7+ Bd7 40.
Rxc8 Qxc8 41. Qb2 Rxe4 42. g3 Rc4 43. Qb3 Rc2 44. h4 Rxa2 45. Qb1 Qc4+ 0-1

[Event "Open Section"]
[Site "Philadelphia"]
[Date "2001.07.08"]
[Round "8"]
[White "Solomon, Kenneth"]
[Black "Solon, Nathan W"]
[Result "1-0"]
[WhiteElo "2390"]
[BlackElo "2219"]
[PlyCount "57"]
[EventDate "2001.07"]

1. d4 d5 2. Nf3 Nf6 3. c4 c6 4. Nc3 dxc4 5. a4 Bf5 6. e3 e6 7. Bxc4 Bb4 8. O-O
O-O 9. Nh4 Nbd7 10. h3 a5 11. Nxf5 exf5 12. Qf3 g6 13. g4 Nb6 14. Bb3 fxg4 15.
hxg4 h5 16. gxh5 Nxh5 17. Qg2 Kg7 18. Ne4 Qh4 19. Ng5 Rad8 20. e4 c5 21. Bxf7
Rxd4 22. Bxg6 Nf4 23. Bxf4 Rxf4 24. Ne6+ Kf6 25. Nxf4 Qxf4 26. Bf5 Ke5 27. Qg6
Qd2 28. Qg7+ Kd6 29. e5+ 1-0

[Event "Open Section"]
[Site "Philadelphia"]
[Date "2001.07.08"]
[Round "8"]
[White "Stolerman, Jack"]
[Black "Dunne, Alex"]
[Result "1-0"]
[WhiteElo "2087"]
[BlackElo "2275"]
[PlyCount "111"]
[EventDate "2001.07"]

1. e4 Nc6 2. Nc3 e5 3. Bc4 Nf6 4. d3 Bc5 5. f4 d6 6. f5 Nd4 7. Bg5 c6 8. Nf3 h6
9. Bh4 b5 10. Bb3 a5 11. Nxd4 exd4 12. e5 dxe5 13. Ne4 Be7 14. Bxf6 Bxf6 15.
Qh5 O-O 16. a3 Qe7 17. O-O c5 18. Bd5 Ra6 19. Nf2 Bb7 20. Bxb7 Qxb7 21. Ne4 Qe7
22. a4 Rb8 23. b3 bxa4 24. Rxa4 Rb4 25. Rfa1 Rxa4 26. Rxa4 Bg5 27. Qg4 Be3+ 28.
Kh1 Kh7 29. h4 g6 30. f6 Rxf6 31. Nxf6+ Qxf6 32. Ra1 Qf2 33. h5 g5 34. Qf3 Qh4+
35. Qh3 Qxh3+ 36. gxh3 Bd2 37. Kg2 Kg7 38. Rf1 f6 39. Kg3 Kf7 40. Kf3 f5 41.
Ke2 Bf4 42. Ra1 e4 43. Rxa5 Bd6 44. b4 exd3+ 45. Kxd3 cxb4 46. Rxf5+ Ke6 47.
Ke4 Be7 48. Re5+ Kf6 49. Kxd4 Bd6 50. Rd5 Bg3 51. Ke4 Ke6 52. Rb5 Bd6 53. Rb6
Kd7 54. Kd5 Bf8 55. Rb7+ Kd8 56. Rh7 1-0

[Event "Open Section"]
[Site "Philadelphia"]
[Date "2001.??.??"]
[Round "8"]
[White "Stripunsky, Alexander"]
[Black "Gaprindishvili, Valerian"]
[Result "1-0"]
[WhiteElo "2661"]
[BlackElo "2473"]
[PlyCount "68"]
[EventDate "2001.07"]

1. e4 e6 2. d3 c5 3. Nf3 Nc6 4. g3 d6 5. Bg2 Nf6 6. O-O Be7 7. c3 Bd7 8. Qe2
Rc8 9. a3 b5 10. b4 cxb4 11. axb4 a5 12. bxa5 Nxa5 13. Ba3 Nb3 14. Ra2 Nc5 15.
Bb4 Bc6 16. Nd4 Bb7 17. Nxb5 O-O 18. c4 Ra8 19. Rxa8 Qxa8 20. N1c3 Bc6 21. Re1
e5 22. Rb1 Rd8 23. Bf1 Ne6 24. Qb2 Ng5 25. Bg2 Rd7 26. Ra1 Qf8 27. Ra6 Bb7 28.
Ra7 g6 29. h4 Ne6 30. Ba5 Bc6 31. Ra6 Bb7 32. Ra7 Bc6 33. Rxd7 Bxd7 34. Qa3 Nd4
1-0

[Event "Open Section"]
[Site "Philadelphia"]
[Date "2001.??.??"]
[Round "8"]
[White "Vyas, Samir"]
[Black "Fernandez, Daniel"]
[Result "1/2-1/2"]
[WhiteElo "2215"]
[BlackElo "2291"]
[PlyCount "30"]
[EventDate "2001.07"]

1. e4 e5 2. Nf3 Nc6 3. d4 exd4 4. Bc4 Nf6 5. O-O Nxe4 6. Re1 d5 7. Bxd5 Qxd5 8.
Nc3 Qh5 9. Nxe4 Be6 10. Bg5 h6 11. Bf6 Qg6 12. Bh4 Bb4 13. c3 dxc3 14. bxc3 Ba5
15. Rb1 Nd4 1/2-1/2

[Event "Open Section"]
[Site "Philadelphia"]
[Date "2001.??.??"]
[Round "8"]
[White "Whatley, Andrew W"]
[Black "Bonin, Jay R"]
[Result "0-1"]
[WhiteElo "2327"]
[BlackElo "2448"]
[PlyCount "24"]
[EventDate "2001.07"]

1. e4 c5 2. Nf3 Nc6 3. Bb5 g6 4. O-O Bg7 5. Re1 Nf6 6. Nc3 O-O 7. e5 Ne8 8.
Bxc6 dxc6 9. d3 Bg4 10. h3 Bxf3 11. Qxf3 Nc7 12. Be3 Ne6 0-1

[Event "Open Section"]
[Site "Philadelphia"]
[Date "2001.07.08"]
[Round "8"]
[White "Ying, Victor"]
[Black "Anderson, Renard W"]
[Result "0-1"]
[WhiteElo "2151"]
[BlackElo "2280"]
[PlyCount "68"]
[EventDate "2001.07"]

1. e4 c5 2. Nf3 d6 3. Bc4 e6 4. Qe2 a6 5. Bb3 Nf6 6. c3 Be7 7. d4 b6 8. O-O Bb7
9. Nbd2 Nbd7 10. Rd1 cxd4 11. cxd4 Qc7 12. e5 Nd5 13. Nf1 dxe5 14. dxe5 Nc5 15.
Bc2 Nb4 16. Bb1 O-O 17. Ng5 h6 18. Qh5 Rad8 19. Rxd8 Bxd8 20. Nh7 Qc6 21. f3
Ncd3 22. Bxh6 gxh6 23. Qxh6 Qc5+ 24. Qe3 Qxe3+ 25. Nxe3 Kxh7 26. a3 Kg7 27.
axb4 Nxe5 28. f4 Nd7 29. f5 Be7 30. b5 a5 31. fxe6 fxe6 32. Ba2 Bc5 33. Re1 Bd5
34. b4 Ne5 0-1

[Event "Open Section"]
[Site "Philadelphia, PA"]
[Date "2001.07.08"]
[Round "8"]
[White "Filatov, Leonid"]
[Black "Ariel, Donny"]
[Result "0-1"]
[WhiteElo "2281"]
[BlackElo "2381"]
[PlyCount "120"]
[EventDate "2001.07"]

1. d4 d5 2. Nf3 Nf6 3. e3 e6 4. Bd3 c5 5. b3 Nc6 6. a3 Qc7 7. Bb2 Bd6 8. Nc3 a6
9. O-O Bd7 10. Qe1 O-O 11. Rd1 cxd4 12. exd4 Rae8 13. Ne2 Ne4 14. c4 f5 15. Nc3
Rf6 16. cxd5 Nxc3 17. Qxc3 exd5 18. Rfe1 Rh6 19. Rxe8+ Bxe8 20. Ne5 Bxe5 21.
dxe5 Bd7 22. Qc5 Be6 23. f4 Qd8 24. Qf2 Rg6 25. Be2 d4 26. Bc4 Bxc4 27. bxc4
Qa5 28. Qf3 h6 29. Qd5+ Kh7 30. Qxa5 Nxa5 31. Rxd4 Rc6 32. Rd7 Nxc4 33. Bd4 Re6
34. Rxb7 Nxa3 35. Bc5 Nb5 36. Bf8 Rg6 37. Bc5 Rc6 38. Bf8 Rc7 39. Rb6 Kg8 40.
Bb4 Rc4 41. e6 Rc8 42. Rxa6 Re8 43. e7 Nc7 44. Ra5 g6 45. Bd6 Ne6 46. h3 h5 47.
Kf2 Kf7 48. Ke3 Rc8 49. Re5 Ng7 50. Rc5 Ra8 51. Rb5 Ne8 52. Bc5 Nf6 53. Bd6 Ne8
54. Rb8 Ra2 55. Bc5 Rxg2 56. Kf3 Rc2 57. Bb4 h4 58. Be1 Rh2 59. Bxh4 Rxh3+ 60.
Bg3 Kxe7 0-1

[Event "Open Section"]
[Site "Philadelphia, PA"]
[Date "2001.07.08"]
[Round "9"]
[White "Anderson, Renard W"]
[Black "Dougherty, Michael"]
[Result "1/2-1/2"]
[WhiteElo "2280"]
[BlackElo "2346"]
[PlyCount "90"]
[EventDate "2001.07"]

1. e4 c5 2. Nf3 Nc6 3. d4 cxd4 4. Nxd4 Nf6 5. Nc3 d6 6. Bc4 Qb6 7. Nde2 e6 8.
O-O a6 9. Kh1 Be7 10. a3 h6 11. Ba2 g5 12. Ng3 Bd7 13. Be3 Qc7 14. f3 Ne5 15.
Qd4 b5 16. f4 gxf4 17. Rxf4 h5 18. Rh4 Ng6 19. Bg5 Ne5 20. Rf1 Ng8 21. Bxe7
Nxe7 22. Rxh5 O-O-O 23. Rxh8 Rxh8 24. Nce2 Rh4 25. Rd1 Bc6 26. Qxd6 Ng4 27.
Qxc7+ Kxc7 28. Rf1 Nxh2 29. Rf4 Rxf4 30. Nxf4 Ng4 31. Kg1 Ne3 32. c3 Nc8 33.
Nd3 Nd6 34. Nf1 Nxg2 35. Nc5 Kb6 36. Nxe6 fxe6 37. Kxg2 Nxe4 38. Kg1 Bd5 39.
Bb1 Nd6 40. Nd2 a5 41. Kf2 a4 42. Ke3 Kc5 43. Kf4 Nc4 44. Nxc4 Kxc4 45. Bc2 Kc5
1/2-1/2

[Event "Open Section"]
[Site "Philadelphia, PA"]
[Date "2001.07.08"]
[Round "9"]
[White "Ariel, Donny"]
[Black "Shapiro, Daniel E"]
[Result "1-0"]
[WhiteElo "2381"]
[BlackElo "2280"]
[PlyCount "121"]
[EventDate "2001.07"]

1. e4 c5 2. Nf3 e6 3. d3 Nc6 4. Nbd2 g6 5. g3 Bg7 6. Bg2 Nge7 7. O-O O-O 8. Re1
d6 9. Nf1 e5 10. c3 h6 11. a3 a5 12. a4 Be6 13. Ne3 d5 14. exd5 Nxd5 15. Nc4
Qc7 16. Qe2 Rfe8 17. Nfd2 Rad8 18. Na3 Kh8 19. Nb5 Qb8 20. Nc4 Rd7 21. Be3 b6
22. Rad1 Ree7 23. Bc1 Kh7 24. h3 f6 25. Kh2 Bf7 26. Qc2 Qd8 27. Qb3 Re8 28.
Nba3 Nce7 29. Nc2 Qc7 30. N2e3 Rb8 31. h4 h5 32. Bh3 f5 33. Qc2 Rdd8 34. Nf1
Ng8 35. Nfd2 Nde7 36. Nf3 Bxc4 37. Ng5+ Kh8 38. dxc4 Rxd1 39. Rxd1 Bf6 40. Qd3
Nc6 41. Qe2 Nh6 42. Ne6 Qe7 43. Nxc5 Ng4+ 44. Bxg4 hxg4 45. Nd7 Rb7 46. Nxf6
Qxf6 47. Bg5 Qe6 48. Qd3 Kg7 49. Qd5 Kf7 50. Kg1 Rc7 51. b3 Nb8 52. Qa8 Nd7 53.
Rd5 Rc6 54. Qh8 Rd6 55. Qh7+ Kf8 56. Bh6+ Ke8 57. Rxd6 Qxd6 58. Qg8+ Nf8 59.
Bxf8 Qxf8 60. Qxg6+ Kd7 61. h5 1-0

[Event "Open Section"]
[Site "Philadelphia, PA"]
[Date "2001.07.08"]
[Round "9"]
[White "Bonin, Jay R"]
[Black "Perelshteyn, Eugene"]
[Result "1/2-1/2"]
[WhiteElo "2448"]
[BlackElo "2500"]
[PlyCount "103"]
[EventDate "2001.07"]

1. d4 Nf6 2. c4 g6 3. Nc3 Bg7 4. e4 d6 5. Nf3 O-O 6. Be2 Na6 7. Rb1 e5 8. dxe5
dxe5 9. Qxd8 Rxd8 10. b4 c6 11. O-O Nh5 12. g3 Nc7 13. Bg5 Rd7 14. Rfd1 Ne6 15.
Rxd7 Bxd7 16. Rd1 Nd4 17. Nxd4 exd4 18. Nb1 a5 19. a3 axb4 20. axb4 h6 21. Bc1
c5 22. bxc5 Bc6 23. Nd2 Nf6 24. e5 Nd7 25. Nf3 Ra2 26. Nxd4 Ba4 27. Re1 Bxe5
28. Be3 Nxc5 29. Bf3 Bc7 30. Rb1 Be5 31. h4 h5 32. Bd5 Bd7 33. Bxb7 Nxb7 34.
Rxb7 Bg4 35. Rb8+ Kg7 36. Kg2 Bd6 37. Rb5 Be7 38. c5 Ra4 39. Nf3 Bf5 40. Bd4+
Bf6 41. Bxf6+ Kxf6 42. Ng5 Rc4 43. Kf3 Bd7 44. Ra5 Bc6+ 45. Ke3 Bd5 46. Ra6+
Ke5 47. f4+ Kf5 48. Rd6 Be6 49. Nxe6 fxe6 50. c6 Rc1 51. Kd4 Rc2 52. Kd3
1/2-1/2

[Event "Open Section"]
[Site "Philadelphia, PA"]
[Date "2001.07.08"]
[Round "9"]
[White "Chernin, Alexander"]
[Black "Doettling, Fabian"]
[Result "1/2-1/2"]
[WhiteElo "2652"]
[BlackElo "2587"]
[PlyCount "119"]
[EventDate "2001.07"]

1. d4 d5 2. c4 e6 3. Nc3 Be7 4. Nf3 Nf6 5. Qc2 O-O 6. cxd5 exd5 7. Bf4 c6 8. e3
Nbd7 9. Bd3 Re8 10. h3 Nf8 11. Bh2 Bd6 12. Bxd6 Qxd6 13. O-O Be6 14. a3 N8d7
15. Rfc1 Rac8 16. Na4 Ne4 17. b4 h6 18. Rab1 b6 19. Nd2 Nxd2 20. Qxd2 Nf6 21.
Nc3 Bd7 22. Qb2 c5 23. dxc5 bxc5 24. Nb5 Bxb5 25. Bxb5 Red8 26. bxc5 Rxc5 27.
Rxc5 Qxc5 28. Bd3 Qd6 29. a4 Nd7 30. Qd4 Ne5 31. Rd1 Nc6 32. Qa1 Nb4 33. Be4
Qc5 34. Bf3 a5 35. Rc1 Qd6 36. Qd4 Qd7 37. Qb6 Ra8 38. Bd1 Qf5 39. Be2 Nd3 40.
Rf1 Nb4 41. Rc1 Nd3 42. Rf1 Nb4 43. Qb5 Qf6 44. Bf3 Qd8 45. Rd1 Rb8 46. Qc5 Rc8
47. Qa7 Rc4 48. Qb7 Rc5 49. Qa7 Qd6 50. Qa8+ Qf8 51. Qb7 Qd6 52. Qa7 Qf8 53.
Qb7 Qd6 54. g3 g6 55. Kg2 Kg7 56. Rd2 Qe6 57. Qa7 Qd6 58. Qb7 Qe6 59. Qa7 Qd6
60. Qb7 1/2-1/2